Les 20 pays avec accès à l'eau potable le plus difficile - Statistiques

Statistiques générales
  • Ce quiz a été pris 145 fois
  • Le résultat moyen est 15 sur 20
Statistiques - réponses
Continent
Pourcentage
de la population
ayant accès
Pays % Correct
Afrique 41.84 RD Congo
90%
Afrique 40 Somalie
89%
Afrique 45.84 Niger
88%
Afrique 39.12 Ethiopie
85%
Afrique 42.54 Tchad
83%
Afrique 50.41 Soudan-du-Sud
81%
Afrique 58.46 Kenya
79%
Afrique 47.26 Mozambique
76%
Afrique 19.29 Erythrée
75%
Afrique 56.71 Rwanda
74%
Afrique 54.14 Centrafrique
72%
Afrique 50.62 Madagascar
72%
Afrique 50.15 Tanzanie
72%
Afrique 41.01 Angola
71%
Afrique 55.93 Burundi
69%
Afrique 38.92 Ouganda
69%
Afrique 53.86 Burkina Faso
62%
Afrique 58.09 Sierra Leone
61%
Afrique 49.59 Guinée équatoriale
57%
Océanie 36.60 Papouasie-Nouvelle-Guinée
52%
Aucun quiz correspondant
Distribution des résultats
% des personnes avec chaque résultat
Percentile par nombre de réponses
Votre historique - résultats
Vous n’avez pas pris ce quiz